| 000 | 01505 a2200265 4500 | ||
|---|---|---|---|
| 005 | 20260311105525.0 | ||
| 008 | 260127b |||||||| |||| 00| 0 eng d | ||
| 020 | _a9788126728749 (hbk) (सेट) | ||
| 037 | _cREF | ||
| 040 |
_aCRL _cCRL |
||
| 041 |
_2hin _ahin |
||
| 084 |
_aO168,3N12x N3;Q5.1-.5 (RR) _qCRL |
||
| 100 |
_aमंटो, सआदत हसन _9898089 |
||
| 245 | _aसआदत हसन मंटो दस्तावेज़ | ||
| 250 | _aसंस्करण 4 | ||
| 260 |
_aनयी दिल्ली, भारत: _bराजकमल प्रकाशन, _c2015. |
||
| 300 | _aखण्ड 1 (1-475पृ.), खण्ड 2 (1-454पृ.), खण्ड 3 (1-360पृ.), खण्ड 4 (1-368पृ.), खण्ड 5 (1-297पृ.) | ||
| 365 |
_b4000.00 _cINR |
||
| 650 |
_aउर्दू साहित्य _91112081 |
||
| 650 |
_aउर्दू कहानी _91112082 |
||
| 700 |
_aमेनरा, बलराज _eसंपादक _91112083 |
||
| 700 |
_aदत्त, शरद _eसंपादक _91112084 |
||
| 942 |
_cREF _2CC _n0 _eसंस्करण 4 _hO168,3N12x N3;Q5.1-.5 (RR) |
||
| 999 |
_c1490754 _d1490754 |
||